000 00473nam a2200145Ia 4500
008 230917s9999||||xx |||||||||||||| ||und||
040 _e171771
_aMAIN
041 _aEnglish
082 _a891.437731 CS396R
100 _aचौबे, सुशील कुमार
245 0 _aरेडियो की महफिल
260 _aनई दिल्ली
_bनेशनल पब्लिशिंग हाउस
_c1980
300 _a124 पृ. p.
942 _cHN
999 _c206367
_d206367